|
|
|
|
| LEADER |
01044nam a2200253 a 4500 |
| 001 |
2522175 |
| 008 |
090913s1993 enk b 001 0 eng d |
| 010 |
|
|
|a 93006981
|
| 020 |
|
|
|a 0415092957
|
| 020 |
|
|
|a 0415092965 (pbk.)
|
| 040 |
|
|
|a DLC
|c DLC
|d DLC
|
| 082 |
0 |
0 |
|a 370.71/0941
|2 20
|
| 245 |
0 |
0 |
|a Developing teachers professionally :
|b reflections for initial and in-service trainers /
|c edited by David Bridges and Trevor Kerry.
|
| 260 |
|
|
|a London ;
|a New York :
|b Routledge,
|c 1993.
|
| 300 |
|
|
|a x, 188 p. ;
|c 24 cm.
|
| 504 |
|
|
|a Includes bibliographical references and index.
|
| 541 |
1 |
|
|e 00005552
|
| 650 |
|
0 |
|a Teachers
|x Training of
|z Great Britain.
|
| 650 |
|
0 |
|a Teachers
|x In-service training
|z Great Britain.
|
| 700 |
1 |
|
|a Bridges, David,
|d 1941-
|
| 700 |
1 |
|
|a Kerry, Trevor.
|
| 852 |
4 |
|
|a Ayesha Abed Library
|j General Shelf.
|
| 999 |
|
|
|c 4125
|d 4125
|
| 952 |
|
|
|0 0
|1 0
|2 ddc
|4 0
|6 370_710941000000000_DEV_1993
|7 0
|9 3799
|a BRACUL
|b BRACUL
|c GEN
|d 2009-10-03
|g 1232.00
|l 1
|m 10
|o 370.710941 DEV
|p 3010005552
|q 2025-05-25
|r 2016-02-07
|s 2016-02-07
|t 1
|w 2009-10-03
|y BK
|